[Event "CZE-ch U10"]
[Site "Teplice"]
[Date "2023.11.15"]
[Round "2"]
[White "Bartak, Tobias"]
[Black "Jenc, Jakub"]
[Result "1-0"]
[WhiteElo "1234"]
[BlackElo "1000"]
[PlyCount "27"]
[EventDate "2023.11.15"]
[EventType "swiss"]
[EventRounds "9"]
[EventCountry "CZE"]
[SourceTitle "CB47_2023"]
[SourceDate "2023.11.22"]
[SourceVersion "1"]
[SourceVersionDate "2023.11.22"]
[SourceQuality "1"]

1. e4 e5 2. Nc3 Nc6 3. Bc4 Nf6 4. Nf3 Bc5 5. d3 h6 6. h3 d6 7. 0-0 Nd4 8. Nxd4 Bxd4 9. Be3 Bxe3 10. fxe3 0-0 11. Nd5 Bxh3 12. Nxf6+ gxf6 13. gxh3 Qd7 14. Qh5 1-0